| 000 | 00815nam a22002297a 4500 | ||
|---|---|---|---|
| 005 | 20100923142233.0 | ||
| 008 | 100923t xxu||||| |||| 00| 0 eng d | ||
| 010 | _aENG-101530 | ||
| 020 |
_a9788128827587 _c95.00 |
||
| 035 | _aEN-85063 | ||
| 037 | _bDBAD/PUB | ||
| 040 |
_adpl _bEnglish |
||
| 082 | _a301.153 | ||
| 100 |
_aShukla,Praveen _921271 |
||
| 245 |
_aGandhi and management / _cby Praveen Shukla |
||
| 260 |
_aNew Delhi _bDiamond Pocket Books _c2010 |
||
| 270 |
_aX-30, Okhla Industrial Area, Phase-I, _bNew Delhi _e110020 |
||
| 300 |
_a140 p. _c22cm (pbk) |
||
| 700 |
_aRajinder Singh _921281 |
||
| 942 |
_2ddc _cEN _mSHU _h301.153 |
||
| 999 |
_c47607 _d47607 |
||